| 000 | 01529nam a2200373 a 4500 | ||
|---|---|---|---|
| 001 | ebr10488666 | ||
| 003 | CaPaEBR | ||
| 006 | m u | ||
| 007 | cr cn||||||||| | ||
| 008 | 100423s2010 vaua sb 000 0 eng d | ||
| 010 | _z 2010017434 | ||
| 020 | _z9781416610847 (pbk. : alk. paper) | ||
| 020 | _z1416610847 (pbk. : alk. paper) | ||
| 020 | _z9781416611585 (e-book) | ||
| 040 |
_aCaPaEBR _cCaPaEBR |
||
| 035 | _a(OCoLC)704510662 | ||
| 043 | _an-us--- | ||
| 050 | 1 | 4 |
_aLB2822.82 _b.J27 2010eb |
| 100 | 1 | _aJackson, Robyn Renee. | |
| 245 | 1 | 0 |
_aHow to support struggling students _h[electronic resource] / _cRobyn R. Jackson, Claire Lambert. |
| 260 |
_aAlexandria, Va. : _bASCD ; _aWashington, D.C. : _bMindsteps, _cc2010. |
||
| 300 |
_a123 p. : _bill. |
||
| 490 | 1 | _aMastering the principles of great teaching | |
| 504 | _aIncludes bibliographical references. | ||
| 533 |
_aElectronic reproduction. _bPalo Alto, Calif. : _cebrary, _d2013. _nAvailable via World Wide Web. _nAccess may be limited to ebrary affiliated libraries. |
||
| 650 | 0 |
_aSchool improvement programs _zUnited States. |
|
| 650 | 0 |
_aUnderachievers _xEducation (Secondary) _zUnited States. |
|
| 650 | 0 |
_aLearning strategies _zUnited States. |
|
| 655 | 7 |
_aElectronic books. _2local |
|
| 700 | 1 | _aLambert, Claire M. | |
| 710 | 2 | _aebrary, Inc. | |
| 830 | 0 | _aMastering the principles of great teaching. | |
| 856 | 4 | 0 |
_uhttp://site.ebrary.com/lib/rucke/Doc?id=10488666 _zAn electronic book accessible through the World Wide Web; click to view |
| 999 |
_c123451 _d123451 |
||